000 00667nam a2200301Ia 4500
005 20260401122230.0
008 008 250103s9999 xx 000 0 eng d
020 _a140446087
037 _aTB
040 _aEDL
040 _beng
040 _cEDL
041 _2eng
041 _aeng
084 _a870 ERA
084 _qEDL
100 _aErasmus, Desiderius
245 0 _aPraise of Folly and Letter to Maarten Van Drop 1515
245 0 _cErasmus, Desiderius
260 _aLondon
260 _bPenguin Books
260 _c1993
300 _a188p
942 _cTB
942 _h870 ERA
999 _c1845828
_d1845828